000 00706nam a2200241Ia 4500
003 OSt
005 20220918210547.0
006 a|||||r|||| 00| 0
007 ta
008 220917b |||||||| |||| 00| 0 eng d
024 _a120,986
037 _cTextual
040 _aARTS
_cARTS
_beng
041 _2eng
_aeng
082 _aV73:2M60<-L90, K5 (ZD)
100 _aBauer Elizabeth Kelley
_9118596
245 0 _aCommentaries on the constitution 1790-1860
260 _aN.Y
_bRussell & Russell
_c1965
490 _astudies in history economics public Law
650 _aHISTORY
942 _hV73:2M60<-L90, K5 (ZD)
_cTEXL
_2CC
999 _c244215
_d244215